[Event "45th FIDE Chess Olympiad Open"]
[Site "Budapest, Hungary"]
[Date "2024.09.22"]
[Round "11"]
[White "Iordachescu, Viorel"]
[Black "Parligras, Mircea-Emilian"]
[Result "1/2-1/2"]
[Board "40"]
[WhiteFideId "13900200"]
[BlackFideId "1204297"]
[WhiteTitle "GM"]
[BlackTitle "GM"]
[WhiteElo "2572"]
[BlackElo "2537"]
[WhiteTeam "Moldova"]
[BlackTeam "Romania"]
[WhiteClock "0:20:28"]
[BlackClock "0:26:56"]
[Variant "Standard"]

1. Nf3 {[%clk 1:30:31]}  d5 {[%clk 1:30:47]} 2. g3 {[%clk 1:30:44]}  Bg4 {[%clk 1:31:07]} 3. Bg2 {[%clk 1:29:13]}  e6 {[%clk 1:31:27]} 4. O-O {[%clk 1:28:29]}  Nf6 {[%clk 1:30:42]} 5. Ne5 {[%clk 1:25:05]}  Bf5 {[%clk 1:27:00]} 6. c4 {[%clk 1:20:30]}  Nbd7 {[%clk 1:25:13]} 7. d4 {[%clk 1:19:55]}  c6 {[%clk 1:20:59]} 8. Nc3 {[%clk 1:18:32]}  Be7 {[%clk 1:01:46]} 9. Qb3 {[%clk 1:16:49]}  Qb6 {[%clk 1:01:47]} 10. Nxd7 {[%clk 1:15:34]}  Nxd7 {[%clk 1:01:52]} 11. e4 {[%clk 1:13:39]}  dxe4 {[%clk 1:00:41]} 12. Nxe4 {[%clk 1:13:59]}  O-O {[%clk 0:56:03]} 13. Be3 {[%clk 1:12:32]}  Qxb3 {[%clk 0:50:38]} 14. axb3 {[%clk 1:12:52]}  Rfd8 {[%clk 0:50:02]} 15. Rfd1 {[%clk 0:47:56]}  Nf6 {[%clk 0:46:26]} 16. Nxf6+ {[%clk 0:46:18]}  Bxf6 {[%clk 0:46:38]} 17. Rd2 {[%clk 0:45:28]}  a6 {[%clk 0:36:52]} 18. h3 {[%clk 0:44:10]}  h5 {[%clk 0:32:28]} 19. Bf3 {[%clk 0:39:13]}  Bxh3 {[%clk 0:32:21]} 20. Bxh5 {[%clk 0:39:37]}  Rd7 {[%clk 0:31:08]} 21. Bf3 {[%clk 0:38:59]}  Bf5 {[%clk 0:31:27]} 22. g4 {[%clk 0:38:13]}  Bg6 {[%clk 0:31:51]} 23. Rad1 {[%clk 0:33:51]}  Rad8 {[%clk 0:27:54]} 24. d5 {[%clk 0:28:03]}  cxd5 {[%clk 0:26:47]} 25. cxd5 {[%clk 0:28:13]}  exd5 {[%clk 0:25:58]} 26. Bxd5 {[%clk 0:26:38]}  Bc2 {[%clk 0:16:42]} 27. Bxf7+ {[%clk 0:23:00]}  Rxf7 {[%clk 0:17:07]} 28. Rxd8+ {[%clk 0:23:26]}  Bxd8 {[%clk 0:17:32]} 29. Rxd8+ {[%clk 0:23:51]}  Rf8 {[%clk 0:17:54]} 30. Rd2 {[%clk 0:21:08]}  Bxb3 {[%clk 0:18:17]} 31. Kg2 {[%clk 0:21:20]}  Ba4 {[%clk 0:16:49]} 32. Kg3 {[%clk 0:20:59]}  Re8 {[%clk 0:15:35]} 33. Rd6 {[%clk 0:19:52]}  Kf7 {[%clk 0:15:10]} 34. Bd4 {[%clk 0:19:16]}  Re7 {[%clk 0:11:08]} 35. Rd5 {[%clk 0:17:40]}  Rd7 {[%clk 0:08:17]} 36. Rf5+ {[%clk 0:18:02]}  Kg6 {[%clk 0:08:36]} 37. Bc3 {[%clk 0:18:07]}  Rd1 {[%clk 0:03:06]} 38. Kf4 {[%clk 0:17:17]}  Rd7 {[%clk 0:03:02]} 39. Re5 {[%clk 0:16:30]}  Bc6 {[%clk 0:02:40]} 40. Kg3 {[%clk 0:15:32]}  Rd5 {[%clk 0:02:02]} 41. Re3 {[%clk 0:07:46]}  Rd1 {[%clk 0:01:15]} 42. Re7 {[%clk 0:02:36]}  Rd7 {[%clk 0:01:08]} 43. Re6+ {[%clk 0:02:34]}  Kf7 {[%clk 0:01:24]} 44. Re3 {[%clk 0:02:27]}  g5 {[%clk 0:28:02]} 45. Bb4 {[%clk 0:25:57]}  Rd4 {[%clk 0:26:49]} 46. Bc5 {[%clk 0:25:35]}  Rd5 {[%clk 0:26:44]} 47. Rc3 {[%clk 0:25:08]}  a5 {[%clk 0:26:50]} 48. Be3 {[%clk 0:24:20]}  a4 {[%clk 0:26:56]} 49. Rc5 {[%clk 0:20:28]} 1/2-1/2

[Event "45th FIDE Chess Olympiad Open"]
[Site "Budapest, Hungary"]
[Date "2024.09.22"]
[Round "11"]
[White "Makhnev, Denis"]
[Black "Yilmaz, Mustafa"]
[Result "1/2-1/2"]
[Board "41"]
[WhiteFideId "13707647"]
[BlackFideId "6302718"]
[WhiteTitle "GM"]
[BlackTitle "GM"]
[WhiteElo "2551"]
[BlackElo "2587"]
[WhiteTeam "Kazakhstan"]
[BlackTeam "Turkiye"]
[WhiteClock "0:02:53"]
[BlackClock "0:00:40"]
[Variant "Standard"]

1. d4 {[%clk 1:30:56]}  Nf6 {[%clk 1:30:57]} 2. c4 {[%clk 1:31:18]}  e6 {[%clk 1:31:19]} 3. Nf3 {[%clk 1:31:40]}  d5 {[%clk 1:31:45]} 4. Nc3 {[%clk 1:32:00]}  Bb4 {[%clk 1:32:10]} 5. Bg5 {[%clk 1:32:16]}  h6 {[%clk 1:32:34]} 6. Bxf6 {[%clk 1:32:39]}  Qxf6 {[%clk 1:33:00]} 7. e3 {[%clk 1:32:58]}  O-O {[%clk 1:31:47]} 8. Rc1 {[%clk 1:33:14]}  dxc4 {[%clk 1:26:40]} 9. Bxc4 {[%clk 1:31:35]}  c5 {[%clk 1:27:01]} 10. O-O {[%clk 1:31:53]}  cxd4 {[%clk 1:26:58]} 11. Ne4 {[%clk 1:32:14]}  Qe7 {[%clk 1:27:11]} 12. a3 {[%clk 1:32:24]}  Ba5 {[%clk 1:27:36]} 13. exd4 {[%clk 1:32:46]}  Rd8 {[%clk 1:18:30]} 14. Rc2 {[%clk 1:32:41]}  Nd7 {[%clk 1:16:12]} 15. Qe2 {[%clk 1:32:00]}  Nf6 {[%clk 1:12:28]} 16. Nc5 {[%clk 1:27:17]}  Bc7 {[%clk 1:05:59]} 17. Bb5 {[%clk 1:27:12]}  Rb8 {[%clk 1:00:37]} 18. Rfc1 {[%clk 1:19:04]}  Bf4 {[%clk 0:50:19]} 19. Re1 {[%clk 1:17:24]}  Bc7 {[%clk 0:45:33]} 20. g3 {[%clk 0:53:13]}  Bb6 {[%clk 0:42:46]} 21. b4 {[%clk 0:43:35]}  a5 {[%clk 0:24:04]} 22. Kg2 {[%clk 0:21:23]}  axb4 {[%clk 0:24:28]} 23. axb4 {[%clk 0:21:47]}  Bc7 {[%clk 0:20:22]} 24. Rb1 {[%clk 0:07:19]}  Nd5 {[%clk 0:16:52]} 25. Bd3 {[%clk 0:03:15]}  Bd6 {[%clk 0:12:20]} 26. b5 {[%clk 0:02:20]}  b6 {[%clk 0:12:45]} 27. Na6 {[%clk 0:02:47]}  Ra8 {[%clk 0:11:35]} 28. Ne5 {[%clk 0:02:57]}  Bxe5 {[%clk 0:08:16]} 29. dxe5 {[%clk 0:03:24]}  Bb7 {[%clk 0:07:32]} 30. Kg1 {[%clk 0:03:49]}  Rd7 {[%clk 0:04:15]} 31. Be4 {[%clk 0:03:43]}  Qg5 {[%clk 0:03:16]} 32. h4 {[%clk 0:04:06]}  Qe7 {[%clk 0:02:52]} 33. Rbc1 {[%clk 0:02:31]}  Rad8 {[%clk 0:03:21]} 34. Qf3 {[%clk 0:02:34]}  g6 {[%clk 0:02:27]} 35. Rc4 {[%clk 0:02:30]}  Kg7 {[%clk 0:02:09]} 36. Kh2 {[%clk 0:02:56]}  Ra8 {[%clk 0:00:55]} 37. Ra1 {[%clk 0:02:55]}  Rad8 {[%clk 0:00:44]} 38. Rac1 {[%clk 0:02:22]}  Ra8 {[%clk 0:01:04]} 39. Ra1 {[%clk 0:02:47]}  Rad8 {[%clk 0:00:56]} 40. Kg1 {[%clk 0:03:13]}  Ra8 {[%clk 0:00:38]} 41. Qb3 {[%clk 0:22:05]}  Rad8 {[%clk 0:27:28]} 42. Bg2 {[%clk 0:22:06]}  Ra8 {[%clk 0:25:43]} 43. Qb2 {[%clk 0:21:18]}  Qd8 {[%clk 0:23:38]} 44. Qe2 {[%clk 0:19:35]}  Rc8 {[%clk 0:20:58]} 45. Rac1 {[%clk 0:19:28]}  Rxc4 {[%clk 0:17:04]} 46. Qxc4 {[%clk 0:19:28]}  Qf8 {[%clk 0:12:03]} 47. Qb3 {[%clk 0:18:23]}  Qa8 {[%clk 0:11:56]} 48. Kh2 {[%clk 0:15:16]}  Qd8 {[%clk 0:08:38]} 49. Qf3 {[%clk 0:14:17]}  Qf8 {[%clk 0:07:24]} 50. Rc4 {[%clk 0:14:33]}  Qd8 {[%clk 0:06:33]} 51. h5 {[%clk 0:12:56]}  g5 {[%clk 0:06:13]} 52. Rd4 {[%clk 0:12:04]}  Qe7 {[%clk 0:04:00]} 53. Qd3 {[%clk 0:09:35]}  Rd8 {[%clk 0:03:04]} 54. Qd2 {[%clk 0:06:27]}  Rc8 {[%clk 0:03:33]} 55. Be4 {[%clk 0:05:24]}  Qa3 {[%clk 0:01:41]} 56. Nb4 {[%clk 0:05:02]}  Qb3 {[%clk 0:00:59]} 57. Nxd5 {[%clk 0:03:44]}  Bxd5 {[%clk 0:01:08]} 58. Bxd5 {[%clk 0:01:55]}  exd5 {[%clk 0:01:37]} 59. Kg2 {[%clk 0:00:57]}  Rc2 {[%clk 0:00:47]} 60. Qe1 {[%clk 0:01:26]}  Qxb5 {[%clk 0:00:43]} 61. e6 {[%clk 0:00:52]}  Qe2 {[%clk 0:00:41]} 62. Qxe2 {[%clk 0:00:58]}  Rxe2 {[%clk 0:01:10]} 63. exf7 {[%clk 0:01:22]}  Kxf7 {[%clk 0:00:36]} 64. Rxd5 {[%clk 0:01:47]}  Re6 {[%clk 0:00:42]} 65. Rd7+ {[%clk 0:01:25]}  Re7 {[%clk 0:00:34]} 66. Rd6 {[%clk 0:01:40]}  Re6 {[%clk 0:00:57]} 67. Rd7+ {[%clk 0:02:05]}  Re7 {[%clk 0:00:48]} 68. Rd6 {[%clk 0:02:30]}  Re6 {[%clk 0:01:15]} 69. Rd7+ {[%clk 0:02:53]}  Re7 {[%clk 0:00:40]} 1/2-1/2

[Event "45th FIDE Chess Olympiad Open"]
[Site "Budapest, Hungary"]
[Date "2024.09.22"]
[Round "11"]
[White "Gurel, Ediz"]
[Black "Nogerbek, Kazybek"]
[Result "1/2-1/2"]
[Board "42"]
[WhiteFideId "44507356"]
[BlackFideId "13710427"]
[WhiteTitle "GM"]
[BlackTitle "GM"]
[WhiteElo "2602"]
[BlackElo "2519"]
[WhiteTeam "Turkiye"]
[BlackTeam "Kazakhstan"]
[WhiteClock "0:03:17"]
[BlackClock "0:05:02"]
[Variant "Standard"]

1. e4 {[%clk 1:30:50]}  e5 {[%clk 1:29:17]} 2. Nf3 {[%clk 1:31:10]}  Nc6 {[%clk 1:29:34]} 3. Bc4 {[%clk 1:31:24]}  Nf6 {[%clk 1:27:37]} 4. d4 {[%clk 1:31:34]}  exd4 {[%clk 1:27:19]} 5. e5 {[%clk 1:31:54]}  Ne4 {[%clk 1:25:45]} 6. Qe2 {[%clk 1:29:04]}  Nc5 {[%clk 1:25:13]} 7. c3 {[%clk 1:24:26]}  d3 {[%clk 1:22:22]} 8. Qe3 {[%clk 1:24:18]}  Be7 {[%clk 1:22:36]} 9. O-O {[%clk 1:22:03]}  d6 {[%clk 1:17:18]} 10. exd6 {[%clk 1:18:11]}  cxd6 {[%clk 1:09:43]} 11. b4 {[%clk 1:09:21]}  d5 {[%clk 1:05:05]} 12. Bb5 {[%clk 1:06:44]}  Ne4 {[%clk 1:02:41]} 13. Bxd3 {[%clk 1:07:02]}  O-O {[%clk 1:00:25]} 14. Bxe4 {[%clk 1:01:05]}  dxe4 {[%clk 1:00:40]} 15. Qxe4 {[%clk 1:01:31]}  Bf6 {[%clk 0:56:20]} 16. b5 {[%clk 0:52:22]}  Re8 {[%clk 0:54:07]} 17. Qa4 {[%clk 0:51:59]}  Qa5 {[%clk 0:47:26]} 18. Qxa5 {[%clk 0:49:10]}  Nxa5 {[%clk 0:47:45]} 19. Be3 {[%clk 0:47:57]}  Bg4 {[%clk 0:41:20]} 20. Bd4 {[%clk 0:40:49]}  Bxf3 {[%clk 0:39:47]} 21. gxf3 {[%clk 0:40:46]}  Bxd4 {[%clk 0:38:59]} 22. cxd4 {[%clk 0:41:11]}  Red8 {[%clk 0:38:49]} 23. Rd1 {[%clk 0:37:46]}  Rac8 {[%clk 0:38:41]} 24. Nd2 {[%clk 0:37:08]}  Rxd4 {[%clk 0:37:52]} 25. Ne4 {[%clk 0:37:33]}  Rcd8 {[%clk 0:34:56]} 26. Rxd4 {[%clk 0:36:23]}  Rxd4 {[%clk 0:35:13]} 27. Rc1 {[%clk 0:36:46]}  Rd8 {[%clk 0:30:51]} 28. Rc7 {[%clk 0:34:57]}  h6 {[%clk 0:30:26]} 29. Kg2 {[%clk 0:32:35]}  Rd5 {[%clk 0:27:22]} 30. a4 {[%clk 0:28:29]}  Rd4 {[%clk 0:21:02]} 31. Rc8+ {[%clk 0:28:00]}  Kh7 {[%clk 0:21:25]} 32. Ra8 {[%clk 0:27:59]}  a6 {[%clk 0:19:40]} 33. bxa6 {[%clk 0:21:02]}  bxa6 {[%clk 0:20:01]} 34. Rxa6 {[%clk 0:21:27]}  Rxa4 {[%clk 0:19:22]} 35. Nd6 {[%clk 0:14:23]}  Ra3 {[%clk 0:16:22]} 36. Nb5 {[%clk 0:14:29]}  Ra1 {[%clk 0:15:52]} 37. f4 {[%clk 0:12:46]}  Ra4 {[%clk 0:11:33]} 38. Kg3 {[%clk 0:10:30]}  g5 {[%clk 0:09:54]} 39. Nd6 {[%clk 0:06:29]}  gxf4+ {[%clk 0:07:23]} 40. Kg4 {[%clk 0:06:39]}  f3+ {[%clk 0:01:40]} 41. Kg3 {[%clk 0:23:42]}  Ra1 {[%clk 0:28:23]} 42. Nf5 {[%clk 0:23:35]}  Rg1+ {[%clk 0:27:16]} 43. Kxf3 {[%clk 0:23:23]}  Nc4 {[%clk 0:27:30]} 44. Rxh6+ {[%clk 0:23:42]}  Kg8 {[%clk 0:27:53]} 45. Kf4 {[%clk 0:23:57]}  Ra1 {[%clk 0:25:59]} 46. Rc6 {[%clk 0:19:12]}  Ra4 {[%clk 0:25:08]} 47. Kg3 {[%clk 0:17:26]}  Ra3+ {[%clk 0:24:55]} 48. Kg2 {[%clk 0:17:19]}  Ne5 {[%clk 0:25:02]} 49. Rc7 {[%clk 0:16:17]}  Ng6 {[%clk 0:22:59]} 50. Rc4 {[%clk 0:16:01]}  Ra5 {[%clk 0:22:18]} 51. Ng3 {[%clk 0:16:13]}  Kg7 {[%clk 0:22:12]} 52. h4 {[%clk 0:15:21]}  Kh6 {[%clk 0:20:58]} 53. Kh3 {[%clk 0:14:36]}  Ra2 {[%clk 0:19:54]} 54. f4 {[%clk 0:14:34]}  Kg7 {[%clk 0:19:47]} 55. Kg4 {[%clk 0:14:34]}  Ne7 {[%clk 0:18:18]} 56. Rc5 {[%clk 0:12:17]}  Ra4 {[%clk 0:17:47]} 57. h5 {[%clk 0:10:10]}  Kh6 {[%clk 0:15:35]} 58. Rb5 {[%clk 0:07:24]}  Kg7 {[%clk 0:10:55]} 59. Kg5 {[%clk 0:05:06]}  Ra3 {[%clk 0:10:08]} 60. Kg4 {[%clk 0:04:05]}  Ra4 {[%clk 0:10:09]} 61. Kg5 {[%clk 0:03:39]}  Ra3 {[%clk 0:10:32]} 62. Ne4 {[%clk 0:03:48]}  Ng8 {[%clk 0:09:28]} 63. Rb6 {[%clk 0:03:41]}  Ra5+ {[%clk 0:06:54]} 64. f5 {[%clk 0:03:55]}  Ra4 {[%clk 0:07:14]} 65. f6+ {[%clk 0:01:21]}  Kh7 {[%clk 0:06:37]} 66. Nc5 {[%clk 0:01:07]}  Rd4 {[%clk 0:05:36]} 67. Ne6 {[%clk 0:00:33]}  Rd5+ {[%clk 0:04:50]} 68. Kh4 {[%clk 0:00:56]}  Kh6 {[%clk 0:03:12]} 69. Nf4 {[%clk 0:00:41]}  Rf5 {[%clk 0:03:18]} 70. Kg4 {[%clk 0:01:01]}  Rxf6 {[%clk 0:03:33]} 71. Rxf6+ {[%clk 0:01:26]}  Nxf6+ {[%clk 0:03:57]} 72. Kf5 {[%clk 0:01:54]}  Nxh5 {[%clk 0:04:18]} 73. Nxh5 {[%clk 0:02:22]}  Kxh5 {[%clk 0:04:41]} 74. Kf6 {[%clk 0:02:50]}  Kh6 {[%clk 0:05:02]} 75. Kxf7 {[%clk 0:03:17]} 1/2-1/2

[Event "45th FIDE Chess Olympiad Open"]
[Site "Budapest, Hungary"]
[Date "2024.09.22"]
[Round "11"]
[White "Suleymenov, Alisher"]
[Black "Erdogmus, Yagiz Kaan"]
[Result "1/2-1/2"]
[Board "43"]
[WhiteFideId "13707833"]
[BlackFideId "44599790"]
[WhiteTitle "GM"]
[BlackTitle "GM"]
[WhiteElo "2484"]
[BlackElo "2592"]
[WhiteTeam "Kazakhstan"]
[BlackTeam "Turkiye"]
[WhiteClock "0:02:38"]
[BlackClock "0:01:23"]
[Variant "Standard"]

1. e4 {[%clk 1:30:57]}  e5 {[%clk 1:30:53]} 2. Nf3 {[%clk 1:31:21]}  Nc6 {[%clk 1:31:18]} 3. Bb5 {[%clk 1:31:46]}  a6 {[%clk 1:31:39]} 4. Ba4 {[%clk 1:32:10]}  Nf6 {[%clk 1:31:36]} 5. O-O {[%clk 1:32:32]}  Be7 {[%clk 1:31:35]} 6. d3 {[%clk 1:32:56]}  b5 {[%clk 1:32:00]} 7. Bb3 {[%clk 1:33:22]}  d6 {[%clk 1:32:27]} 8. a4 {[%clk 1:33:46]}  Bd7 {[%clk 1:32:32]} 9. c3 {[%clk 1:34:10]}  O-O {[%clk 1:32:40]} 10. Ba2 {[%clk 1:34:36]}  b4 {[%clk 1:16:20]} 11. h3 {[%clk 1:32:06]}  Rb8 {[%clk 1:10:05]} 12. Re1 {[%clk 1:25:07]}  Na5 {[%clk 1:06:45]} 13. Nbd2 {[%clk 1:25:30]}  c5 {[%clk 1:07:06]} 14. Nc4 {[%clk 1:22:58]}  Nxc4 {[%clk 0:56:40]} 15. Bxc4 {[%clk 1:23:20]}  a5 {[%clk 0:57:05]} 16. d4 {[%clk 1:16:24]}  bxc3 {[%clk 0:56:30]} 17. bxc3 {[%clk 1:08:46]}  cxd4 {[%clk 0:44:11]} 18. cxd4 {[%clk 1:09:11]}  Qc7 {[%clk 0:29:39]} 19. Ba2 {[%clk 1:07:45]}  exd4 {[%clk 0:28:51]} 20. Nxd4 {[%clk 0:56:50]}  Rfe8 {[%clk 0:27:35]} 21. Qd3 {[%clk 0:50:57]}  d5 {[%clk 0:17:19]} 22. exd5 {[%clk 0:44:08]}  Bb4 {[%clk 0:16:30]} 23. Bd2 {[%clk 0:37:26]}  Bxa4 {[%clk 0:14:44]} 24. Rec1 {[%clk 0:26:55]}  Qd7 {[%clk 0:11:28]} 25. Bf4 {[%clk 0:24:31]}  Rbc8 {[%clk 0:07:44]} 26. Rxc8 {[%clk 0:23:06]}  Rxc8 {[%clk 0:07:23]} 27. Bc4 {[%clk 0:23:27]}  Ne4 {[%clk 0:05:31]} 28. Be5 {[%clk 0:11:57]}  Nd6 {[%clk 0:03:00]} 29. Bxd6 {[%clk 0:10:50]}  Bxd6 {[%clk 0:03:25]} 30. Nf5 {[%clk 0:11:01]}  Bf8 {[%clk 0:02:52]} 31. d6 {[%clk 0:08:02]}  g6 {[%clk 0:01:32]} 32. Ne3 {[%clk 0:04:20]}  Bc6 {[%clk 0:01:23]} 33. Rxa5 {[%clk 0:02:38]}  Qxd6 {[%clk 0:01:23]} 1/2-1/2

[Event "45th FIDE Chess Olympiad Open"]
[Site "Budapest, Hungary"]
[Date "2024.09.22"]
[Round "11"]
[White "Can, Emre"]
[Black "Zhalmakhanov, Ramazan"]
[Result "1-0"]
[Board "44"]
[WhiteFideId "6302181"]
[BlackFideId "13706357"]
[WhiteTitle "GM"]
[BlackTitle "GM"]
[WhiteElo "2547"]
[BlackElo "2497"]
[WhiteTeam "Turkiye"]
[BlackTeam "Kazakhstan"]
[WhiteClock "0:15:51"]
[BlackClock "0:11:25"]
[Variant "Standard"]

1. d4 {[%clk 1:30:57]}  Nf6 {[%clk 1:30:48]} 2. c4 {[%clk 1:31:13]}  e6 {[%clk 1:30:58]} 3. Nf3 {[%clk 1:31:23]}  h6 {[%clk 1:29:59]} 4. g3 {[%clk 1:31:35]}  Bb4+ {[%clk 1:30:06]} 5. Bd2 {[%clk 1:31:43]}  Be7 {[%clk 1:30:28]} 6. Bg2 {[%clk 1:31:37]}  O-O {[%clk 1:30:43]} 7. O-O {[%clk 1:31:20]}  d5 {[%clk 1:31:04]} 8. Qc2 {[%clk 1:30:41]}  c6 {[%clk 1:31:01]} 9. Rd1 {[%clk 1:29:30]}  a5 {[%clk 1:30:08]} 10. Bf4 {[%clk 1:29:52]}  Nbd7 {[%clk 1:18:17]} 11. Nc3 {[%clk 1:30:03]}  Nh5 {[%clk 1:17:31]} 12. Bc1 {[%clk 1:24:04]}  f5 {[%clk 1:08:53]} 13. b3 {[%clk 1:22:28]}  Nhf6 {[%clk 1:05:47]} 14. Nh4 {[%clk 1:15:05]}  Qe8 {[%clk 1:03:18]} 15. cxd5 {[%clk 1:14:31]}  cxd5 {[%clk 0:58:13]} 16. Nb5 {[%clk 1:09:55]}  Qf7 {[%clk 0:57:37]} 17. Nc7 {[%clk 0:59:07]}  Ra7 {[%clk 0:53:23]} 18. Nf3 {[%clk 0:57:36]}  Ne4 {[%clk 0:51:09]} 19. Be3 {[%clk 0:49:35]}  b6 {[%clk 0:44:03]} 20. Nb5 {[%clk 0:45:46]}  Rb7 {[%clk 0:43:48]} 21. Bf4 {[%clk 0:42:43]}  g5 {[%clk 0:40:36]} 22. Bc7 {[%clk 0:42:48]}  g4 {[%clk 0:38:49]} 23. Ne1 {[%clk 0:41:00]}  Ndf6 {[%clk 0:39:02]} 24. Bf4 {[%clk 0:32:25]}  Bd7 {[%clk 0:38:51]} 25. Qd3 {[%clk 0:31:29]}  Bb4 {[%clk 0:09:39]} 26. a4 {[%clk 0:29:40]}  Bxb5 {[%clk 0:09:49]} 27. axb5 {[%clk 0:30:03]}  Rc8 {[%clk 0:05:44]} 28. Rdc1 {[%clk 0:27:17]}  Rxc1 {[%clk 0:02:46]} 29. Rxc1 {[%clk 0:27:34]}  h5 {[%clk 0:02:28]} 30. f3 {[%clk 0:08:54]}  Nd6 {[%clk 0:02:19]} 31. Qe3 {[%clk 0:06:49]}  Nxb5 {[%clk 0:00:35]} 32. Nd3 {[%clk 0:07:13]}  Bf8 {[%clk 0:00:53]} 33. Rc6 {[%clk 0:06:26]}  Qe8 {[%clk 0:00:33]} 34. Rxe6 {[%clk 0:06:16]}  Re7 {[%clk 0:00:51]} 35. Re5 {[%clk 0:06:17]}  gxf3 {[%clk 0:00:52]} 36. exf3 {[%clk 0:06:16]}  Nd7 {[%clk 0:01:03]} 37. Rxe7 {[%clk 0:04:16]}  Qxe7 {[%clk 0:01:31]} 38. Bh3 {[%clk 0:04:25]}  Qf6 {[%clk 0:00:37]} 39. Ne5 {[%clk 0:03:42]}  Nxe5 {[%clk 0:00:37]} 40. Bxe5 {[%clk 0:03:49]}  Qh6 {[%clk 0:00:48]} 41. Qxh6 {[%clk 0:20:28]}  Bxh6 {[%clk 0:31:13]} 42. Kf2 {[%clk 0:20:53]}  Nc3 {[%clk 0:12:39]} 43. Bc7 {[%clk 0:18:23]}  a4 {[%clk 0:11:52]} 44. bxa4 {[%clk 0:18:36]}  Nxa4 {[%clk 0:12:20]} 45. Bxf5 {[%clk 0:18:31]}  Kf7 {[%clk 0:12:44]} 46. Bd7 {[%clk 0:17:37]}  Nb2 {[%clk 0:12:10]} 47. Bxb6 {[%clk 0:17:19]}  Nc4 {[%clk 0:12:29]} 48. Bc5 {[%clk 0:17:04]}  Kf6 {[%clk 0:11:32]} 49. h4 {[%clk 0:16:49]}  Na5 {[%clk 0:11:25]} 50. Be8 {[%clk 0:15:51]} 1-0

[Event "45th FIDE Chess Olympiad Open"]
[Site "Budapest, Hungary"]
[Date "2024.09.22"]
[Round "11"]
[White "Henriquez Villagra, Cristobal"]
[Black "Theodorou, Nikolas"]
[Result "1/2-1/2"]
[Board "45"]
[WhiteFideId "3409350"]
[BlackFideId "4262875"]
[WhiteTitle "GM"]
[BlackTitle "GM"]
[WhiteElo "2604"]
[BlackElo "2619"]
[WhiteTeam "Chile"]
[BlackTeam "Greece"]
[WhiteClock "0:20:47"]
[BlackClock "0:28:30"]
[Variant "Standard"]

1. d4 {[%clk 1:30:57]}  Nf6 {[%clk 1:30:53]} 2. Nf3 {[%clk 1:31:21]}  b6 {[%clk 1:31:13]} 3. Bf4 {[%clk 1:30:15]}  Bb7 {[%clk 1:31:18]} 4. e3 {[%clk 1:30:16]}  Nh5 {[%clk 1:31:30]} 5. Bg5 {[%clk 1:21:21]}  h6 {[%clk 1:31:51]} 6. Bh4 {[%clk 1:21:45]}  g5 {[%clk 1:32:17]} 7. Bg3 {[%clk 1:22:08]}  Nxg3 {[%clk 1:30:22]} 8. hxg3 {[%clk 1:22:33]}  Bg7 {[%clk 1:30:40]} 9. c3 {[%clk 1:15:50]}  c5 {[%clk 1:23:34]} 10. Nbd2 {[%clk 1:09:21]}  Qc7 {[%clk 1:23:56]} 11. Rc1 {[%clk 1:04:44]}  Nc6 {[%clk 1:21:53]} 12. b4 {[%clk 0:54:53]}  Rc8 {[%clk 1:12:26]} 13. a3 {[%clk 0:42:53]}  Kf8 {[%clk 1:10:35]} 14. Nb3 {[%clk 0:41:09]}  d6 {[%clk 1:09:01]} 15. Be2 {[%clk 0:40:03]}  Nb8 {[%clk 1:05:08]} 16. c4 {[%clk 0:38:50]}  Nd7 {[%clk 1:01:04]} 17. O-O {[%clk 0:38:47]}  Nf6 {[%clk 0:57:41]} 18. Nbd2 {[%clk 0:36:41]}  Kg8 {[%clk 0:51:46]} 19. Bd3 {[%clk 0:33:21]}  e6 {[%clk 0:47:54]} 20. Qc2 {[%clk 0:32:48]}  Qe7 {[%clk 0:47:05]} 21. Rfe1 {[%clk 0:32:34]}  h5 {[%clk 0:28:06]} 22. bxc5 {[%clk 0:29:50]}  bxc5 {[%clk 0:27:32]} 23. Nxg5 {[%clk 0:27:30]}  h4 {[%clk 0:27:56]} 24. gxh4 {[%clk 0:26:17]}  Rxh4 {[%clk 0:28:23]} 25. Ndf3 {[%clk 0:26:30]}  Rg4 {[%clk 0:24:20]} 26. d5 {[%clk 0:26:54]}  Bh6 {[%clk 0:22:27]} 27. Ne4 {[%clk 0:26:00]}  exd5 {[%clk 0:20:21]} 28. Nxf6+ {[%clk 0:20:45]}  Qxf6 {[%clk 0:20:49]} 29. Nh2 {[%clk 0:19:21]}  Rh4 {[%clk 0:13:32]} 30. Rb1 {[%clk 0:13:07]}  Bc6 {[%clk 0:11:33]} 31. cxd5 {[%clk 0:09:36]}  Bxd5 {[%clk 0:11:37]} 32. e4 {[%clk 0:08:16]}  Be6 {[%clk 0:07:03]} 33. g3 {[%clk 0:06:20]}  Rh5 {[%clk 0:07:13]} 34. Qe2 {[%clk 0:06:23]}  Rh3 {[%clk 0:05:02]} 35. Kg2 {[%clk 0:05:38]}  c4 {[%clk 0:04:31]} 36. Bc2 {[%clk 0:05:34]}  Rc5 {[%clk 0:01:35]} 37. Ng4 {[%clk 0:03:02]}  Qg5 {[%clk 0:01:43]} 38. f3 {[%clk 0:01:45]}  Rh5 {[%clk 0:01:10]} 39. Bd1 {[%clk 0:01:08]}  Bf8 {[%clk 0:00:35]} 40. f4 {[%clk 0:00:59]}  Qxg4 {[%clk 0:00:33]} 41. Qxg4+ {[%clk 0:01:24]}  Bxg4 {[%clk 0:00:59]} 42. Bxg4 {[%clk 0:01:50]}  Rh6 {[%clk 0:00:39]} 43. Rec1 {[%clk 0:23:22]}  d5 {[%clk 0:28:27]} 44. exd5 {[%clk 0:21:29]}  Rxd5 {[%clk 0:28:42]} 45. Be2 {[%clk 0:21:06]}  Rd2 {[%clk 0:28:30]} 46. Kf3 {[%clk 0:20:47]} 1/2-1/2

[Event "45th FIDE Chess Olympiad Open"]
[Site "Budapest, Hungary"]
[Date "2024.09.22"]
[Round "11"]
[White "Papaioannou, Ioannis"]
[Black "Salinas Herrera, Pablo"]
[Result "1/2-1/2"]
[Board "46"]
[WhiteFideId "4201345"]
[BlackFideId "3407128"]
[WhiteTitle "GM"]
[BlackTitle "GM"]
[WhiteElo "2615"]
[BlackElo "2479"]
[WhiteTeam "Greece"]
[BlackTeam "Chile"]
[WhiteClock "0:29:15"]
[BlackClock "0:10:22"]
[Variant "Standard"]

1. d4 {[%clk 1:30:52]}  d5 {[%clk 1:30:47]} 2. c4 {[%clk 1:31:11]}  e6 {[%clk 1:30:07]} 3. Nf3 {[%clk 1:31:29]}  Nf6 {[%clk 1:30:34]} 4. g3 {[%clk 1:31:34]}  Bb4+ {[%clk 1:30:59]} 5. Bd2 {[%clk 1:31:44]}  Be7 {[%clk 1:31:24]} 6. Bg2 {[%clk 1:32:07]}  O-O {[%clk 1:31:49]} 7. O-O {[%clk 1:32:18]}  c6 {[%clk 1:30:18]} 8. b3 {[%clk 1:31:44]}  Nbd7 {[%clk 1:26:19]} 9. Bc3 {[%clk 1:29:03]}  Ne4 {[%clk 1:18:16]} 10. Bb2 {[%clk 1:28:50]}  f5 {[%clk 1:16:54]} 11. Qc2 {[%clk 1:27:17]}  h5 {[%clk 1:13:45]} 12. Nbd2 {[%clk 1:21:36]}  Bd6 {[%clk 1:00:51]} 13. e3 {[%clk 1:16:34]}  Qf6 {[%clk 0:57:34]} 14. h4 {[%clk 1:15:41]}  Qh6 {[%clk 0:54:13]} 15. Qc1 {[%clk 1:06:57]}  Re8 {[%clk 0:45:58]} 16. Ne5 {[%clk 0:54:16]}  Ndf6 {[%clk 0:35:39]} 17. Nxe4 {[%clk 0:47:29]}  dxe4 {[%clk 0:34:22]} 18. f3 {[%clk 0:46:55]}  exf3 {[%clk 0:34:19]} 19. Bxf3 {[%clk 0:47:18]}  Ng4 {[%clk 0:33:11]} 20. Bxg4 {[%clk 0:46:03]}  hxg4 {[%clk 0:33:37]} 21. e4 {[%clk 0:44:33]}  Qxc1 {[%clk 0:34:03]} 22. Raxc1 {[%clk 0:44:35]}  c5 {[%clk 0:21:18]} 23. dxc5 {[%clk 0:36:11]}  Bxc5+ {[%clk 0:19:09]} 24. Kh2 {[%clk 0:36:32]}  b6 {[%clk 0:16:53]} 25. Rcd1 {[%clk 0:36:01]}  Bb7 {[%clk 0:12:47]} 26. Rd7 {[%clk 0:30:12]}  Re7 {[%clk 0:13:13]} 27. exf5 {[%clk 0:29:22]}  exf5 {[%clk 0:13:41]} 28. Rxf5 {[%clk 0:28:12]}  Rxd7 {[%clk 0:10:00]} 29. Nxd7 {[%clk 0:28:37]}  Rd8 {[%clk 0:10:27]} 30. Nxc5 {[%clk 0:28:47]}  bxc5 {[%clk 0:10:55]} 31. Kg1 {[%clk 0:28:31]}  Rd1+ {[%clk 0:10:54]} 32. Rf1 {[%clk 0:28:50]}  Rd2 {[%clk 0:11:21]} 33. Rf2 {[%clk 0:29:15]}  Rd1+ {[%clk 0:10:22]} 1/2-1/2